Eastern Utah Libraries Catalog: Duchesne, Heber, Roosevelt, & Vernal

Buster gets back on track / (Record no. 389716)

MARC details
000 -LEADER
fixed length control field 02499cam a22006138i 4500
001 - CONTROL NUMBER
control field on1377501588
003 - CONTROL NUMBER IDENTIFIER
control field OCoLC
005 - DATE AND TIME OF LATEST TRANSACTION
control field 20231107170511.0
008 - FIXED-LENGTH DATA ELEMENTS--GENERAL INFORMATION
fixed length control field 230425t20232023tnua b 000 1 eng
010 ## - LIBRARY OF CONGRESS CONTROL NUMBER
LC control number 2023012075
020 ## - INTERNATIONAL STANDARD BOOK NUMBER
International Standard Book Number 9781400233373
Qualifying information (hardcover)
020 ## - INTERNATIONAL STANDARD BOOK NUMBER
International Standard Book Number 1400233372
Qualifying information (hardcover)
020 ## - INTERNATIONAL STANDARD BOOK NUMBER
Cancelled/invalid ISBN 9781400243433
Qualifying information (epub)
035 ## - SYSTEM CONTROL NUMBER
System control number (OCoLC)1377501588
Canceled/invalid control number (OCoLC)1401646001
040 ## - CATALOGING SOURCE
Original cataloging agency DLC
Language of cataloging eng
Description conventions rda
Transcribing agency DLC
Modifying agency BDX
-- ETC
-- OCLCF
-- JCX
-- NYP
-- ILC
-- JTH
-- OCLCO
-- JAS
-- OCLCO
-- UOK
042 ## - AUTHENTICATION CODE
Authentication code pcc
049 ## - LOCAL HOLDINGS (OCLC)
Holding library UOKA
050 00 - LIBRARY OF CONGRESS CALL NUMBER
Classification number PZ7.1.E244
Item number Bt 2022
082 00 - DEWEY DECIMAL CLASSIFICATION NUMBER
Classification number [E]
Edition number 23
092 ## - LOCALLY ASSIGNED DEWEY CALL NUMBER (OCLC)
Classification number children picture book
Item number Earnhardt
100 1# - MAIN ENTRY--PERSONAL NAME
Personal name Earnhardt, Dale,
Titles and other words associated with a name Jr.
Relator term author.
245 10 - TITLE STATEMENT
Title Buster gets back on track /
Statement of responsibility, etc Dale Earnhardt Jr. ; illustrated by Ela Smietanka.
264 #1 - Production, Publication, Distribution, Manufacture, and Copyright Notice.
Place of production, publication, distribution, manufacture Nashville, Tennessee :
Name of producer, publisher, distributor, manufacturer Tommy Nelson, an imprint of Thomas Nelson,
Date of production, publication, distribution, manufacture, or copyr [2023]
264 #4 - Production, Publication, Distribution, Manufacture, and Copyright Notice.
Date of production, publication, distribution, manufacture, or copyr �2023
300 ## - PHYSICAL DESCRIPTION
Extent 1 volume (unpaged) :
Other physical details color illustrations ;
Dimensions 27 cm.
336 ## - Content Type
Content type term text
336 ## - Content Type
Content type term still image
337 ## - Media type
Media type term unmediated
338 ## - Carrier type
Carrier type term volume
490 0# - SERIES STATEMENT
Series statement Buster the race car
520 ## - SUMMARY, ETC.
Summary, etc Rescued race car Buster tends to let his emotions get the best of him, but with the help of his teammates, he learns how to breathe through his feelings.
521 ## - TARGET AUDIENCE NOTE
Target audience note Ages 4-8.
Source Thomas Nelson.
650 #0 - SUBJECT ADDED ENTRY--TOPICAL TERM
Topical term or geographic name as entry element Automobile racing
Form subdivision Juvenile fiction.
9 (RLIN) 5748656
650 #0 - SUBJECT ADDED ENTRY--TOPICAL TERM
Topical term or geographic name as entry element Automobiles
Form subdivision Juvenile fiction.
9 (RLIN) 5704217
650 #0 - SUBJECT ADDED ENTRY--TOPICAL TERM
Topical term or geographic name as entry element Teamwork (Sports)
Form subdivision Juvenile fiction.
650 #0 - SUBJECT ADDED ENTRY--TOPICAL TERM
Topical term or geographic name as entry element Emotions
Form subdivision Juvenile fiction.
650 #0 - SUBJECT ADDED ENTRY--TOPICAL TERM
Topical term or geographic name as entry element Breathing exercises
Form subdivision Juvenile fiction.
9 (RLIN) 6476666
650 #0 - SUBJECT ADDED ENTRY--TOPICAL TERM
Topical term or geographic name as entry element Off-road racing
Form subdivision Juvenile fiction.
9 (RLIN) 6476667
650 #0 - SUBJECT ADDED ENTRY--TOPICAL TERM
Topical term or geographic name as entry element Friendship
Form subdivision Juvenile fiction
9 (RLIN) 5673647
650 #0 - SUBJECT ADDED ENTRY--TOPICAL TERM
Topical term or geographic name as entry element Schools
Form subdivision Juvenile fiction
650 #1 - SUBJECT ADDED ENTRY--TOPICAL TERM
Topical term or geographic name as entry element Automobile racing
Form subdivision Fiction.
9 (RLIN) 5732365
650 #1 - SUBJECT ADDED ENTRY--TOPICAL TERM
Topical term or geographic name as entry element Automobiles
Form subdivision Fiction.
9 (RLIN) 5704218
650 #1 - SUBJECT ADDED ENTRY--TOPICAL TERM
Topical term or geographic name as entry element Teamwork (Sports)
Form subdivision Fiction.
650 #1 - SUBJECT ADDED ENTRY--TOPICAL TERM
Topical term or geographic name as entry element Emotions
Form subdivision Fiction.
650 #1 - SUBJECT ADDED ENTRY--TOPICAL TERM
Topical term or geographic name as entry element Breathing exercises
Form subdivision Fiction.
9 (RLIN) 6359037
650 #1 - SUBJECT ADDED ENTRY--TOPICAL TERM
Topical term or geographic name as entry element Off-road racing
Form subdivision Fiction.
9 (RLIN) 6476668
650 #1 - SUBJECT ADDED ENTRY--TOPICAL TERM
Topical term or geographic name as entry element Friendship
Form subdivision Fiction.
9 (RLIN) 5673769
650 #1 - SUBJECT ADDED ENTRY--TOPICAL TERM
Topical term or geographic name as entry element School
Form subdivision Fiction.
9 (RLIN) 6421229
655 #7 - INDEX TERM--GENRE/FORM
Genre/form data or focus term School fiction
Source of term lcgft
9 (RLIN) 6407078
655 #7 - INDEX TERM--GENRE/FORM
Genre/form data or focus term Picture books
Source of term lcgft
700 1# - ADDED ENTRY--PERSONAL NAME
Personal name Smietanka, Ela
Relator term illustrator.
9 (RLIN) 6476669
776 08 - ADDITIONAL PHYSICAL FORM ENTRY
Display text Online version:
Main entry heading Earnhardt, Dale, Jr.
Title Buster gets back on track
Place, publisher, and date of publication Nashville, Tennessee : Thomas Nelson, [2023]
International Standard Book Number 9781400243433
Record control number (DLC) 2023012076
942 ## - ADDED ENTRY ELEMENTS (KOHA)
Source of classification or shelving scheme Dewey Decimal Classification
Koha item type BOOK
Holdings
Withdrawn status Lost status Source of classification or shelving scheme Damaged status Not for loan Collection code Home library Current library Shelving location Date acquired Source of acquisition Total Checkouts Total Renewals Full call number Barcode Date last seen Date checked out Cost, replacement price Price effective from Koha item type
    Dewey Decimal Classification     Children Picture Books Wasatch County Library Wasatch County Library Main Floor Childrens Area 11/07/2023 Micromarketing 7 7 E Earnhardt 34301002055392 10/09/2025 09/18/2025 18.99 11/07/2023 BOOK
This project was made possible through a grant from the Institute of Museum and Library Service administered by the Utah State Library Division.

Wasatch County Library

  • 465 East 1200 South, Heber City, Utah 84032
  • Phone 435-654-1511 | Fax 435-654-6456

Hours

  • Monday - Friday 9:30 AM - 8:00 PM
  • Saturday 9:30 AM - 1:30 PM
  • Closed Sundays and Holidays